01002 2200337 4500001002100000005001500021035002000036007000300056008004100059020002200100040002200122082001500144084001700159090002100176090002200197100003400219245007100253250002600324300004600350650001700396700002400413850001200437490001900449504003200468264004600500336002100546337003000567338002300597999002200620990002200642INLIS00000000085478020200305084301 a0010-0320000107ta200305s2019 yoia g 0 ind d a978-623-7002-20-8 aYOPDYOGbinderda04223a796.33 a796.33 ANU s aDEP 796.33 ANU s aCB-D.11 2019-22360 aAnung Hendra Isnantoepenulis10aSepak takraw /cpenulis, Anung Hendar Isnanto; penyunting, Claudia aCetakan pertama, 2019 a100 halaman :bilustrasi, gambar ;c21 cm 4aSepak takraw0 aClaudiaepenyunting aYOPDYOG aSeri olah raga aBibliografi: halaman 99-10031aYogyakarta :bSentra Edukasi Media,c2019 2rdacontentateks 2rdamediaatanpa perantara 2rdacarrieravolume aCB-D.11/2019-2236 aCB-D.11/2019-2236